000 00990cam a2200289 a 4500
001 12347002
003 OSt
005 20211022104258.0
008 010314s2002 njua b 001 0 eng
010 _a 2001021604
020 _a9788131708699
038 _aKhadija
040 _aDLC
_cDLC
_dDLC
050 0 0 _aTK7872.F5
_bH368 2002
082 0 0 _a621.3815324
_221
_bHAY
100 1 _aHaykin, Simon S.,
_d1931-
_983356
245 1 0 _aAdaptive Filter Theory /
_cSimon Haykin.
250 _a4th ed.
260 _aUpper Saddle River, N.J. :
_bPrentice Hall,
_cc2002.
300 _axvi, 920 p. :
_bill. ;
_c24 cm.
504 _aIncludes bibliographical references (p. 870-911) and index.
563 _aPB
650 0 _aAdaptive filters.
_983357
906 _a7
_bcbc
_corignew
_d1
_eocip
_f20
_gy-gencatlg
942 _2ddc
_cBK
999 _c31854
_d31854